000 00331nam a2200133 a 4500
005 20140414093835.0
008 030611s19uu xx 00 eng d
050 _aCDR 516
_bMUL 1995 c1
245 _aMultimedia Geometry.
650 _aGeometry
_xInteractive videos.
650 _aMathematics.
942 _cAVM
999 _c108980
_d108980